| 000 | 00484nam a22001817a 4500 | ||
|---|---|---|---|
| 999 |
_c1234 _d1234 |
||
| 008 | 170925b xxu||||| |||| 00| 0 eng d | ||
| 020 | _a9789350971413 | ||
| 082 | _2651.7/RAI | ||
| 100 |
_aRai, Urmila and Rai, S M _9164 |
||
| 245 | _aBusiness Communication | ||
| 250 | _a9th | ||
| 260 |
_bHimalaya Publishing House _c2017 |
||
| 300 | _a426 | ||
| 650 | 1 | 0 |
_aCommunication Theory _9276 |
| 650 | 2 | 0 |
_aOral Communication _9277 |
| 650 | 3 | 0 |
_aWritten Communication _9278 |
| 942 |
_2ddc _cBK |
||